| 000 | 00919nam a2200289Ia 4500 | ||
|---|---|---|---|
| 001 | Z_584 | ||
| 003 | CHAP | ||
| 008 | 220113s1988 xx 000 0 und d | ||
| 010 | _a163694 | ||
| 040 | _cCHAP | ||
| 090 | _aTesis P 429 | ||
| 100 |
_aParra Sabido, Juan Alonso _9137821 |
||
| 245 |
_aEvaluación del nivel de proteína, energía y pigmento en el sistema de alimentación único en pollos de engorda / _cpor Juan Alonso Parra Sabido |
||
| 260 |
_aChapingo, Méx. : _bEl autor, _c1988 |
||
| 300 | _a[56] h | ||
| 502 | _aTesis (Ing. Agrónomo Esp. en Zootecnia) -- UACH. Departamento de Zootecnia | ||
| 650 |
_aAves de corral _xEngorda _98647 |
||
| 650 |
_aAves de corral _xNutrición _98672 |
||
| 650 |
_aPigmentación _988055 |
||
| 650 |
_aProteínas en nutrición de aves de corral _992455 |
||
| 901 | _aTESIS P 429 | ||
| 902 | _aM | ||
| 910 | _a1988 | ||
| 942 | _c2 | ||
| 942 | _c2 | ||
| 999 |
_c163694 _d163694 |
||